Biblioteca

El nombre de Jesús (Registro nro. 71101)

Detalles MARC
000 -LÍDER
Campo fijo de descripción fija 01902nam a2200397 i 4500
001 - NÚMERO DE CONTROL
Campo de control 768714001
003 - IDENTIFICADOR DEL NÚMERO DE CONTROL
Campo de control CO-MdFUSB
005 - FECHA Y HORA DE LA ULTIMA TRANSACCIÓN
control field 20260417143315.0
007 - CAMPO FIJO DE DESCRIPCIÓN FIJA--INFORMACIÓN GENERAL
Campo fijo de descripción fija ta
008 - ELEMENTOS DE LONGITUD FIJA -- INFORMACIÓN GENERAL
Campo fijo de descripción fija -- Información general 241027t2007 ck ||||| |||| 001 0 spa d
020 ## - NÚMERO INTERNACIONAL NORMALIZADO PARA LIBROS
Número Internacional Normalizado del libro 9780892761357
040 ## - FUENTE DE CATALOGACIÓN
Idioma de catalogación spa.
Agencia de catalogación original CO-MdFUSB
Agencia que realiza la transcripción CO-MdFUSB
Agencia que realiza la modificación CO-MdFUSBC
Convenciones de la descripción rda
041 ## - CÓDIGO DE IDIOMA
Código de idioma para texto/pista de sonido o título separado spa
Código de idioma original eng
082 ## - NÚMERO DE CLASIFICACIÓN DECIMAL DEWEY
Número de la edición del Dewey 23
Número de clasificación 248.4
Clave de autor-Numero de item H145
100 ## - ASIENTO PRINCIPAL--NOMBRE PERSONAL
Nombre personal Hagin, Kenneth E.,
Término relacionador autor
Fechas asociadas con el nombre 1917-2003
240 ## - TITULO UNIFORME
Título uniforme <a href="The name of Jesus. ">The name of Jesus. </a>
245 #3 - TÍTULO
Título del Material El nombre de Jesús
Mención de responsabilidad, etc. / Kenneth E. Hagin
250 ## - MENCIÓN DE EDICIÓN
Mención de edición Edición especial
264 #1 - PRODUCCIÓN, PUBLICACIÓN, DISTRIBUCIÓN, MANUFACTURA, Y COPYRIGHT
Lugar de producción, publicación, distribución, manufactura Bogotá, Colombia :
Nombre del productor, publicador, distribuidor Publicaciones Cristianas Iberoamericanas
Fecha de producción, publicación, distribución, manufactura, o copyright [2007]
264 #4 - PRODUCCIÓN, PUBLICACIÓN, DISTRIBUCIÓN, MANUFACTURA, Y COPYRIGHT
Fecha de producción, publicación, distribución, manufactura, o copyright ©2007
300 ## - DESCRIPCIÓN FÍSICA
Extensión 240 páginas
Dimensiones ; 23 cm.
336 ## - TIPO DE CONTENIDO
Fuente rdacontent
Término de tipo de contenido texto
Código de tipo de contenido txt
337 ## - TIPO DE MEDIO
Fuente rdamedia
Nombre del tipo de medio sin mediación
Código del tipo de medio n
338 ## - TIPO DE SOPORTE
Fuente rdacarrier
Nombre del tipo de soporte volumen
Código Tipo de soporte nc
500 ## - NOTA GENERAL
Nota General Incluye índice
505 ## - NOTA DE CONTENIDO
Nota de contenido con formato preestablecido El nombre de Jesús -- El nombre más excelente, ¿cómo nos llegó? -- Por herencia -- Por conferencia -- Por conquista -- La autoridad de su nombre -- Su nombre, posesión de la Iglesia -- Respaldado por la deidad -- Su nombre en la salvación -- Su nombre en los bautismos -- Su nombre en la cotidianidad -- Su nombre en todo -- Su nombre para echar fuera demonios -- ¿Puede ser poseído un cristiano? -- Tres pasos necesarios para vencer -- Huestes espirituales de maldad en las regiones celestes -- En Cristo -- Lo milagroso, una norma que debe experimentar el creyente -- Fe y su nombre -- Reinamos por su nombre -- Sanados por su nombre -- La confesión de su nombre -- Recursos: Versículos para meditar.
563 ## - NOTA DE ENCUADERNACIÓN
Nota de encuadernación Rústico
650 #7 - ASIENTO SECUNDARIO DE MATERIA - TERMINO TEMÁTICO
Término temático o nombre geográfico como elemento de entrada Cristología
9 (RLIN) 239
650 #0 - ASIENTO SECUNDARIO DE MATERIA - TERMINO TEMÁTICO
Término temático o nombre geográfico como elemento de entrada Vida de Jesús
9 (RLIN) 1911
653 ## - TÉRMINO DE INDIZACIÓN - NO CONTROLADO
Término no controlado Jesucristo — Nombre
653 ## - TÉRMINO DE INDIZACIÓN - NO CONTROLADO
Término no controlado Fe — Cristianismo
653 ## - TÉRMINO DE INDIZACIÓN - NO CONTROLADO
Término no controlado Sanidad divina — Cristianismo
653 ## - TÉRMINO DE INDIZACIÓN - NO CONTROLADO
Término no controlado Vida cristiana — Enseñanza bíblica
942 ## - TIPO DE MATERIAL (KOHA)
Tipo de Item KOHA Libros General
945 ## - INFORMACIÓN LOCAL DEL REGISTRO
Catalogador Catherine Arias Alvarez
Existencias
Estado de Material Estado de Perdido Forma de Clasificación Volumen-Parte/Tomo Estado de Dañado No para Préstamo Colección Biblioteca de Origen Biblioteca Permanente Fecha de Adquisición Área Total de Préstamos Signatura Topográfica Código de Barras Última vez visto Ejemplar/Existencia Fecha de Remplazo Tipo de Material
    Dewey Decimal Classification       Colección General Biblioteca FUSBC Biblioteca FUSBC 28/10/2024 VIDA CRISTIANA   G 248.4 H145n 25184 27/10/2024 Ej. 1 27/10/2024 Libros General

Biblioteca FUSBC | Teléfono: (57+4) 349 88 10 Ext. 141| WhatsApp (+57) 3005338115 
E-mail: biblioteca@unisbc.edu.co | Calle 76 87-14 Robledo Palenque, Medellín, Colombia

Con tecnología Koha